El Derecho penal sustantivo en la Ley de Justicia Penal Juvenil costarricense /
Uloženo v:
| Hlavní autor: | |
|---|---|
| Médium: | Text |
| Témata: | |
| Tagy: |
Přidat tag
Žádné tagy, Buďte první, kdo vytvoří štítek k tomuto záznamu!
|
MARC
| LEADER | 00000 a a2200000 04500 | ||
|---|---|---|---|
| 001 | 17394 | ||
| 003 | |||
| 040 | |||
| 100 | |a Issa El Khoury, Henry | ||
| 245 | |a El Derecho penal sustantivo en la Ley de Justicia Penal Juvenil costarricense / |c Henry Issa El Khoury | ||
| 650 | |a ADOLESCENTES | ||
| 650 | |a POLITICA SOCIAL | ||
| 650 | |a JUSTICIA SOCIAL | ||
| 650 | |a PROBLEMAS SOCIALES | ||
| 650 | |a DELINCUENCIA | ||
| 650 | |a DELINCUENCIA JUVENIL | ||
| 650 | |a DELITOS | ||
| 650 | |a CASTIGO | ||
| 650 | |a SANCIONES PENALES | ||
| 650 | |a ASPECTOS JURIDICOS | ||
| 650 | |a LEGISLACION | ||
| 773 | |g número 5; páginas 183-214 | ||
| 999 | |c 31207 |d 31207 | ||
